freakbob quiz - Statistics

General Stats
  • This quiz has been taken 379 times
  • The average score is 3 of 7
Answer Stats
Question Answer % Correct
who is the freakiest freakbob
79%
is freakbob yes
68%
who is calling freakbob
64%
did u like the quiz yes
38%
does xavier davis like freakbob no
32%
what if instead of _____ it was freak
27%
did u like the quiz no
13%
No matching quizzes found
Score Distribution
Percent of People with Each Score
Percentile by Number Answered
Your Score History
You have not taken this quiz